00350nam a2200133 a 4500008004100000050001500041100002100056245003900077250001200116260003200128300002100160350000900181700002600190120416s1965 ||||||||||||||||| || u aTA 490 Bri aPhillips, Arthur10aStructure and properties of alloys a3rd ed. aNew YorkbMcGraw-Hillc1965 avii, 503p. : ill a0.00 aBrick, Robert Maynard